000 00855nam a2200193 a 4500
005 20230926063616.0
008 081028s1994 mx r 000 0 spa d
035 _aUPN01000164402
049 _aCG
050 4 _aLB2000.27 A1.46
_bC3.6
245 0 0 _aCapacitación y actualización interinstitucional de educadores bilingües en el Estado de Chiapas /
_ccoord. Bissael Pimentel Avendaño.
260 _aMéxico :
_bSEP:
_bOEA,
_c1994.
300 _a5 v. :
_bil.
505 8 _aContenido:
_gv.1.
_tDocumento de apoyo I --
_gv.2.
_tDocumento de apoyo II --
_gv.3.
_tDocumento de apoyo III --
_gv.4.
_tDocumento de apoyo IV --
_gv.5.
_tGuías didácticas y contenidos básicos
650 4 _aEducación bilingüe
_zChiapas
_915018
650 4 _aMAESTROS EN SERVICIO, FORMACION DE -
_zCHIAPAS
_924093
700 1 _aPimentel Avendaño, Bissael,
_ecoord.
905 _aLibro
999 _c136514
_d136514